| 000 | 00693nam a2200205Ia 4500 | ||
|---|---|---|---|
| 003 | GCL | ||
| 008 | 140319s9999 xx 000 0 ara d | ||
| 040 |
_aGCL / _cGCL |
||
| 082 | 0 | 4 |
_a658 _bم ا |
| 100 | 1 | _aمدنى عبدالقادر علاقى | |
| 245 | 1 | 0 |
_aالادارة : _bدراسة تحليلية للوظائف والقرارات الادارية / _cمدنى عبدالقادر علاقى |
| 250 | _aالتاسعة | ||
| 260 |
_aالرياض : _bدار زهران ، _c2000 |
||
| 300 |
_a592 ص ؛ _c24 سم |
||
| 650 | 0 | 4 | _aادارة الاعمال |
| 650 | 0 | 4 | _aالادارة |
| 650 | 0 | 4 | _aالتنظيم |
| 650 | 0 | 4 | _aالقرارات الادارية |
| 942 |
_2ddc _cBK |
||
| 999 |
_c5347 _d5347 |
||